|
|
|
|
| LEADER |
00662nab a2200169 i 4500 |
| 001 |
misc74634 |
| 005 |
20240412134617.0 |
| 008 |
240125s1931 hu o 000 hun d |
| 040 |
|
|
|a SZTE Miscellanea Repozitórium
|b hun
|
| 041 |
|
|
|a hun
|
| 245 |
0 |
0 |
|a Szegedi egyetemi tanár nagyjelentőségű felfedezése, Dr. Szent-Györgyi Albert kutatásainak eredményéről
|h [elektronikus dokumentum]
|
| 260 |
|
|
|c 1931-03-10
|
| 300 |
|
|
|a 3-4
|
| 490 |
0 |
|
|a Délmagyarország
|v 7 No. 56
|
| 561 |
|
|
|a Szent-Györgyi Albertről szóló irodalom
|
| 695 |
|
|
|a bronzkór, Szent-Györgyi Albert
|
| 856 |
4 |
0 |
|u http://misc.bibl.u-szeged.hu/74634/1/szgya_dm_1932_03_10_03-04.pdf
|z Dokumentum-elérés
|